Evolution et incidence du protectionnisme sur les échanges internationaux depuis dix ans.

Vývoj ochranárskej politiky v krajinách OECD a vo svete. Zmena v prospech vybraných nástrojov. Rastúca diskriminácia a jej druhy. Vývoj subvencií. Dopad ochrany, Dynamika ochranárstva. Sektory, ktoré upadajú - textil a obleky, hutníctvo v USA a autá. Sektory silne rastúce. (OECD, Progres de la réfor...

Ausführliche Beschreibung

Gespeichert in:
Bibliographische Detailangaben
Format: Buchkapitel
Sprache:Französisch
Schlagworte:
Tags: Tag hinzufügen
Keine Tags, Fügen Sie das erste Tag hinzu!

MARC

LEADER 00000naa a2200000 4500
001 r011066
005 20220913124945.9
041 0 |a fre 
044 |a FR 
245 1 0 |a Evolution et incidence du protectionnisme sur les échanges internationaux depuis dix ans. 
520 |a Vývoj ochranárskej politiky v krajinách OECD a vo svete. Zmena v prospech vybraných nástrojov. Rastúca diskriminácia a jej druhy. Vývoj subvencií. Dopad ochrany, Dynamika ochranárstva. Sektory, ktoré upadajú - textil a obleky, hutníctvo v USA a autá. Sektory silne rastúce. (OECD, Progres de la réforme structurelle 1992). 
610 2 0 |a protekcionizmus 
610 2 0 |a OECD 
610 2 0 |a subvencie 
610 2 0 |a obchod medzinárodný 
610 2 0 |a diskriminácia obchodná